Search the Library Catalogue
| 000 -LEADER | |
|---|---|
| fixed length control field | 01003nam a2200205Ia 4500 |
| 008 - FIXED-LENGTH DATA ELEMENTS--GENERAL INFORMATION | |
| fixed length control field | 191130s2009##################000#0#eng## |
| 020 ## - INTERNATIONAL STANDARD BOOK NUMBER | |
| ISBN | 9780521881791 |
| 082 ## - DEWEY DECIMAL CLASSIFICATION NUMBER | |
| Classification number | 355.027 VAS |
| 100 ## - MAIN ENTRY--AUTHOR NAME | |
| Personal name | Vasquez, John A |
| 245 ## - TITLE STATEMENT | |
| Title | The war puzzle revisited |
| Statement of responsibility, etc | John A. Vasquez |
| 260 ## - PUBLICATION, DISTRIBUTION, ETC. (IMPRINT) | |
| Place of publication | Cambridge |
| Name of publisher | Cambridge University Press |
| Year of publication | 2009 |
| 300 ## - PHYSICAL DESCRIPTION | |
| Number of Pages | xxi, 477 p. : ill. ; 24 cm |
| 500 ## - GENERAL NOTE | |
| General note | Includes bibliographical references and index.Contents : Conceptualizing war -- Types of war -- Power politics and war -- Territorial contiguity as a source of conflict leading to war -- The realist road to war -- The domestic prerequisites of wars of rivalry -- Explaining world war : its scope, severity, and duration -- Peace -- Solving the puzzle of war -- Research findings on territory, war, peace -- Research findings on power politics and war |
| 650 ## - SUBJECT ADDED ENTRY--TOPICAL TERM | |
| Topical Term | War - Causes |
| 991 ## - | |
| -- | 55829 |
No items available.